Groupes de choses - Les jours de la semaine dans plusieurs langues - Statistiques

Statistiques générales
  • Ce quiz a été pris 261 fois
    254 depuis la dernière actualisation
  • Le résultat moyen est 21 sur 84
Statistiques - réponses
Indice Pays % Correct
ANGLAIS Monday
99%
ANGLAIS Tuesday
96%
ANGLAIS Sunday
95%
ANGLAIS Friday
94%
ANGLAIS Saturday
93%
ANGLAIS Thursday
92%
BRETON Lun
89%
ANGLAIS Wednesday
89%
ESPAGNOL Lunes
70%
ESPAGNOL Martes
67%
ESPAGNOL Jueves
63%
ESPAGNOL Miércoles
63%
ESPAGNOL Domingo
60%
PORTUGAIS Domingo
60%
ESPAGNOL Viernes
58%
ESPAGNOL Sabado
53%
PORTUGAIS Sabado
53%
ALLEMAND Montag
43%
ALLEMAND Freitag
33%
ITALIEN Lunedi
33%
ALLEMAND Dienstag
32%
ALLEMAND Sonntag
31%
ITALIEN Martedi
30%
ALLEMAND Donnerstag
29%
ALLEMAND Mittwoch
29%
ALLEMAND Samstag
27%
ITALIEN Mercoledi
22%
ITALIEN Venerdi
21%
ITALIEN Sabato
20%
ESPERANTO Sabato
20%
ITALIEN Domenica
18%
ITALIEN Giovedi
18%
ROUMAIN Luni
14%
ROUMAIN Marti
14%
NEERLANDAIS Dinsdag
11%
NEERLANDAIS Donderdag
11%
NEERLANDAIS Maandag
11%
NEERLANDAIS Vrijdag
11%
NEERLANDAIS Zaterdag
11%
NEERLANDAIS Zondag
11%
PORTUGAIS Sexta feira
10%
PORTUGAIS Terça feira
10%
NEERLANDAIS Woensdag
10%
PORTUGAIS Quarta feira
9%
PORTUGAIS Quinta feira
9%
PORTUGAIS Segunda feira
9%
BASQUE Astearte
7%
BASQUE Asteazken
7%
BASQUE Astelehen
7%
CATALAN Dijou
7%
CATALAN Dilluns
7%
CATALAN Dimarts
7%
CATALAN Dimecres
7%
CATALAN Dissabte
7%
CATALAN Diumenge
7%
CATALAN Divendres
7%
BRETON Gwener
7%
BASQUE Igande
7%
ESPERANTO Lundo
7%
ESPERANTO Mardo
7%
BRETON Merc'her
7%
ESPERANTO Merkredo
7%
BRETON Meurzh
7%
BASQUE Ostegun
7%
BASQUE Ostiral
7%
BRETON Sadorn
7%
BRETON Sul
7%
BRETON Yaou
7%
ROUMAIN Joi
6%
ESPERANTO Vendredo
6%
ESPERANTO Dimanco
5%
ROUMAIN Duminica
5%
ESPERANTO Jaudo
5%
ROUMAIN Miercuri
5%
ROUMAIN Sambata
5%
ROUMAIN Vineri
5%
LATIN Jovis dies
4%
LATIN Lunae dies
4%
LATIN Martis dies
4%
LATIN Mercurii dies
4%
LATIN Saturni dies
4%
LATIN Veneris dies
4%
LATIN Dies Dominicus
3%
BASQUE Iarunbata
2%
Aucun quiz correspondant
Distribution des résultats
% des personnes avec chaque résultat
Percentile par nombre de réponses
Votre historique - résultats
Vous n’avez pas pris ce quiz depuis la dernière actualisation